[Event "Klatovy op-A 29th"]
[Site "Klatovy"]
[Date "2023.07.07"]
[Round "7"]
[White "Kroulik, Vaclav"]
[Black "Holy, Filip"]
[Result "1/2-1/2"]
[WhiteElo "1750"]
[BlackElo "2129"]
[PlyCount "158"]
[EventDate "2023.07.01"]
[EventType "swiss"]
[EventRounds "9"]
[EventCountry "CZE"]
[SourceTitle "CBM 215 Extra"]
[Source "ChessBase"]
[SourceDate "2023.09.30"]
[SourceVersion "1"]
[SourceVersionDate "2023.09.30"]
[SourceQuality "1"]

1. e4 d5 2. exd5 Nf6 3. d4 Qxd5 4. Nf3 c6 5. Be2 Bf5 6. c4 Qa5+ 7. Bd2 Qb6 8. Qb3 e6 9. 0-0 Be7 10. Qxb6 axb6 11. Nc3 0-0 12. Nh4 Bg6 13. Nxg6 hxg6 14. Bf3 Nbd7 15. Rfe1 Bd6 16. a3 Rfd8 17. Bg5 Rac8 18. Rad1 e5 19. d5 Bc5 20. Rd2 Re8 21. g3 Nh7 22. Be3 Bxe3 23. Rxe3 Nhf6 24. dxc6 bxc6 25. Rd6 Nb8 26. Na4 Nfd7 27. Rb3 Nc5 28. Nxc5 bxc5 29. Rb6 e4 30. Bg2 Kf8 31. Kf1 Rc7 32. Ke2 Ke7 33. Rd1 Nd7 34. Rb3 f5 35. f3 exf3+ 36. Bxf3 Kf6+ 37. Kf2 Ne5 38. Rc3 Rb7 39. b3 Reb8 40. Rb1 Ra7 41. b4 cxb4 42. Rxb4 Rxa3 43. Rxa3 Rxb4 44. Be2 Nxc4 45. Ra8 Ne5 46. Rf8+ Ke6 47. Re8+ Kd5 48. Re7 Rb2 49. Ke3 Rb3+ 50. Kf4 Rb4+ 51. Kg5 Rb2 52. Bd1 Rxh2 53. Bb3+ Ke4 54. Rxg7 Rg2 55. Kf6 Rxg3 56. Bc2+ Nd3 57. Rc7 c5 58. Rxc5 Kd4 59. Rc8 f4 60. Rg8 Ke3 61. Rd8 Ne1 62. Bxg6 f3 63. Bf7 Rg4 64. Bh5 Rf4+ 65. Kg5 f2 66. Re8+ Kd4 67. Be2 Re4 68. Rxe4+ Kxe4 69. Kh4 Ke3 70. Bf1 Kf3 71. Kh3 Nc2 72. Ba6 Ne3 73. Bb5 Nd5 74. Ba6 Nf4+ 75. Kh2 Ne2 76. Bb7+ Ke3 77. Bg2 Nf4 78. Bf1 Kf3 79. Bb5 Ne2 1/2-1/2

[Event "Klatovy op-A 29th"]
[Site "Klatovy"]
[Date "2023.07.06"]
[Round "6"]
[White "Holy, Filip"]
[Black "Zhang, Michelle1111"]
[Result "0-1"]
[WhiteElo "2129"]
[BlackElo "1772"]
[PlyCount "126"]
[EventDate "2023.07.01"]
[EventType "swiss"]
[EventRounds "9"]
[EventCountry "CZE"]
[SourceTitle "CBM 215 Extra"]
[Source "ChessBase"]
[SourceDate "2023.09.30"]
[SourceVersion "1"]
[SourceVersionDate "2023.09.30"]
[SourceQuality "1"]

1. e4 c6 2. d4 d5 3. exd5 cxd5 4. c4 Nf6 5. Nc3 e6 6. Nf3 Be7 7. cxd5 Nxd5 8. Bd3 Nc6 9. 0-0 0-0 10. Re1 Nf6 11. a3 b6 12. Bc2 Ba6 13. Bf4 Rc8 14. Rc1 Na5 15. Bb1 Bc4 16. Qc2 Bb3 17. Qd3 Bc4 18. Qc2 Bd5 19. Ng5 g6 20. Nh3 Bb3 21. Qd3 Bc4 22. Qe3 Bb3 23. Be5 Ng4 24. Qg3 Nxe5 25. dxe5 Qd2 26. Nf4 Rc4 27. Nce2 Rxc1 28. Rxc1 Rd8 29. h4 Bd1 30. Rc7 Bxe2 31. Rxe7 Qe1+ 32. Kh2 Qxb1 33. Nxe2 Qf5 34. Qf4 Nc6 35. Qxf5 exf5 36. Rc7 Nxe5 37. Kg3 a5 38. Nf4 Nd3 39. Rb7 Nxb2 40. Rxb6 Nc4 41. Rb3 Nd2 42. Rd3 Ne4+ 43. Kf3 Rb8 44. Ne2 a4 45. Ke3 Nc5 46. Rc3 Ne4 47. Rd3 Re8 48. Kf3 f6 49. Nc3 Nxc3 50. Rxc3 Re4 51. g3 Kg7 52. Rc7+ Kg8 53. Ra7 Rc4 54. Kg2 f4 55. gxf4 Rxf4 56. Kg3 Rc4 57. f3 h5 58. Ra6 Kg7 59. Ra7+ Kh6 60. Kh3 g5 61. hxg5+ Kxg5 62. Ra6 f5 63. Kg3 h4+ 0-1

[Event "Usti nad Labem blitz op"]
[Site "Usti nad Labem"]
[Date "2023.05.07"]
[Round "5"]
[White "Holy, Filip"]
[Black "Chrz, Pavel"]
[Result "1-0"]
[WhiteElo "2036"]
[BlackElo "1861"]
[PlyCount "49"]
[EventDate "2023.05.07"]
[EventType "swiss (blitz)"]
[EventRounds "15"]
[EventCountry "CZE"]
[SourceTitle "CBM 214 Extra"]
[Source "ChessBase"]
[SourceDate "2023.07.31"]
[SourceVersion "1"]
[SourceVersionDate "2023.07.31"]
[SourceQuality "1"]

1. e4 c5 2. Nf3 Nc6 3. d4 cxd4 4. Nxd4 e5 5. Nb5 a6 6. Nd6+ Bxd6 7. Qxd6 Qf6 8. Qxf6 Nxf6 9. Nc3 Nb4 10. Bd3 d5 11. exd5 Nxd3+ 12. cxd3 Bf5 13. Bg5 Bxd3 14. 0-0-0 Bf5 15. Rhe1 0-0-0 16. Rxe5 Bd7 17. Rde1 h6 18. Bxf6 gxf6 19. Re7 Rhg8 20. g3 Rge8 21. Rxe8 Rxe8 22. Rxe8+ Bxe8 23. Ne4 Bb5 24. Kd2 Bc4 25. Nd6+ 1-0

[Event "Usti nad Labem blitz op"]
[Site "Usti nad Labem"]
[Date "2023.05.07"]
[Round "15"]
[White "Holy, Filip"]
[Black "Urbansky, Stepan"]
[Result "1-0"]
[WhiteElo "2036"]
[BlackElo "1500"]
[PlyCount "117"]
[EventDate "2023.05.07"]
[EventType "swiss (blitz)"]
[EventRounds "15"]
[EventCountry "CZE"]
[SourceTitle "CBM 214 Extra"]
[Source "ChessBase"]
[SourceDate "2023.07.31"]
[SourceVersion "1"]
[SourceVersionDate "2023.07.31"]
[SourceQuality "1"]

1. e4 c5 2. Nf3 Nc6 3. d4 cxd4 4. Nxd4 g6 5. c4 Bg7 6. Be3 Nf6 7. Nc3 0-0 8. Be2 d6 9. 0-0 Bd7 10. Nc2 a5 11. Rc1 Rc8 12. Na3 Ne5 13. f3 Bc6 14. Qd2 Nfd7 15. Rfd1 Nc5 16. b3 Qc7 17. Bf1 Rfd8 18. Kh1 Ra8 19. Qf2 b6 20. Nab5 Bxb5 21. cxb5 Qb7 22. Bc4 Nxc4 23. bxc4 Rac8 24. Nd5 Rb8 25. Bg5 Re8 26. Qh4 e6 27. Nf6+ Bxf6 28. Bxf6 h5 29. Qg5 Nd7 30. Rxd6 Nxf6 31. Qxf6 Rbc8 32. h3 Qe7 33. Qxe7 Rxe7 34. Rxb6 Rec7 35. Ra6 Rxc4 36. Rxc4 Rxc4 37. Rxa5 Rb4 38. a4 Kf8 39. Ra7 Ke8 40. Ra6 Kd8 41. b6 Kc8 42. a5 Kb7 43. Ra7+ Kb8 44. Rxf7 Rb5 45. Ra7 g5 46. Kh2 Rb4 47. Kg3 Rb5 48. h4 gxh4+ 49. Kxh4 Rc5 50. a6 Rb5 51. Rb7+ Ka8 52. Ra7+ Kb8 53. g4 hxg4 54. Kxg4 Rxb6 55. Rb7+ Rxb7 56. axb7 Kxb7 57. Kg5 Kc7 58. Kf6 Kd7 59. e5 1-0

[Event "CZE-chT2A 2223"]
[Site "Czech Republic"]
[Date "2023.03.05"]
[Round "10.3"]
[White "Borkovec, Milan"]
[Black "Holy, Filip"]
[Result "0-1"]
[WhiteElo "2220"]
[BlackElo "2074"]
[PlyCount "114"]
[EventDate "2022.10.16"]
[EventType "team-tourn"]
[EventRounds "11"]
[EventCountry "CZE"]
[SourceTitle "EXT 2024"]
[Source "ChessBase"]
[SourceDate "2023.10.10"]
[SourceVersion "1"]
[SourceVersionDate "2023.10.10"]
[SourceQuality "1"]
[WhiteTeam "Tabor"]
[BlackTeam "Plzen"]
[WhiteTeamCountry "CZE"]
[BlackTeamCountry "CZE"]

1. e4 d5 2. exd5 Qxd5 3. Nc3 Qa5 4. Bc4 Nf6 5. d3 a6 6. Bb3 c5 7. Bd2 Qc7 8. Nge2 e6 9. Bf4 Qc6 10. 0-0 Be7 11. Ng3 b5 12. Qe2 0-0 13. a4 Bb7 14. f3 Re8 15. Nge4 Nbd7 16. axb5 axb5 17. Rxa8 Bxa8 18. Ra1 Bb7 19. Ra5 c4 20. Rxb5 cxb3 21. Rxb3 Nc5 22. Nxc5 Bxc5+ 23. Be3 Ng4 24. d4 Nxe3 25. dxc5 Nd5 26. Qb5 Nxc3 27. Qxc6 Bxc6 28. Rxc3 Rb8 29. Rd3 Kf8 30. Rd6 Be8 31. b3 Rb5 32. Kf2 Rxc5 33. c4 Ke7 34. Ra6 Rc6 35. Ra7+ Kd6 36. Ke3 Rb6 37. Ra3 e5 38. Kd3 f5 39. Kc3 e4 40. fxe4 fxe4 41. Kd4 Ke6 42. Kxe4 Bc6+ 43. Kd4 Bxg2 44. Ra2 Bf3 45. Kc3 Ke5 46. b4 g5 47. b5 h5 48. Kb4 Rb8 49. c5 g4 50. b6 h4 51. Ra7 g3 52. hxg3 hxg3 53. Rg7 g2 54. Kb5 Rc8 55. Rg6 Kf5 56. Rg7 Bg4 57. b7 Rb8 0-1

[Event "CZE-chT2A 2223"]
[Site "Czech Republic"]
[Date "2023.01.22"]
[Round "7.3"]
[White "Holy, Filip"]
[Black "Hozda, Max"]
[Result "1-0"]
[WhiteElo "2074"]
[BlackElo "1899"]
[PlyCount "107"]
[EventDate "2022.10.16"]
[EventType "team-tourn"]
[EventRounds "11"]
[EventCountry "CZE"]
[SourceTitle "EXT 2024"]
[Source "ChessBase"]
[SourceDate "2023.10.10"]
[SourceVersion "1"]
[SourceVersionDate "2023.10.10"]
[SourceQuality "1"]
[WhiteTeam "Plzen"]
[BlackTeam "Praha Dukla"]
[WhiteTeamCountry "CZE"]
[BlackTeamCountry "CZE"]

1. e4 c6 2. d4 d5 3. exd5 cxd5 4. c4 Nf6 5. Nc3 e6 6. Nf3 Be7 7. cxd5 Nxd5 8. Bd3 Nc6 9. 0-0 0-0 10. Re1 b6 11. Nxd5 Qxd5 12. Be4 Qd6 13. Qc2 Bb7 14. Bxh7+ Kh8 15. Be4 Rac8 16. Qe2 Kg8 17. Be3 f5 18. Bxc6 Bxc6 19. Bg5 Bd5 20. Bxe7 Qxe7 21. a3 g5 22. Ne5 Qh7 23. Rac1 Kg7 24. Nd7 Kg6 25. Nxf8+ Rxf8 26. Qe5 f4 27. Rc7 Qh6 28. Qxe6+ Bxe6 29. Rxe6+ Kh5 30. g4+ fxg3 31. Rxh6+ Kxh6 32. hxg3 Rd8 33. Rxa7 Rxd4 34. Rb7 Rd6 35. g4 Kg6 36. Kg2 Kf6 37. b4 Ke5 38. Rf7 Kd4 39. Rf5 Rg6 40. a4 Kc4 41. Rb5 Rf6 42. Kg3 Rd6 43. Rxg5 Kxb4 44. Rb5+ Kxa4 45. Rb1 b5 46. g5 b4 47. f4 b3 48. f5 Ka3 49. g6 Ka2 50. Rxb3 Kxb3 51. g7 Rd8 52. f6 Rg8 53. Kf4 Kc4 54. Ke5 1-0

[Event "CZE-chT2A 2223"]
[Site "Czech Republic"]
[Date "2023.01.08"]
[Round "6.4"]
[White "Holy, Filip"]
[Black "Pychova, Nela"]
[Result "1/2-1/2"]
[WhiteElo "2074"]
[BlackElo "2096"]
[PlyCount "71"]
[EventDate "2022.10.16"]
[EventType "team-tourn"]
[EventRounds "11"]
[EventCountry "CZE"]
[SourceTitle "EXT 2024"]
[Source "ChessBase"]
[SourceDate "2023.10.10"]
[SourceVersion "1"]
[SourceVersionDate "2023.10.10"]
[SourceQuality "1"]
[WhiteTeam "Plzen"]
[BlackTeam "Vlasim"]
[WhiteTeamCountry "CZE"]
[BlackTeamCountry "CZE"]

1. e4 c5 2. Nf3 Nc6 3. d4 cxd4 4. Nxd4 e5 5. Nb5 a6 6. Nd6+ Bxd6 7. Qxd6 Qf6 8. Qxf6 Nxf6 9. Nc3 Nb4 10. Bd3 d5 11. exd5 Nbxd5 12. Nxd5 Nxd5 13. Bd2 0-0 14. 0-0-0 Re8 15. Rhe1 Bd7 16. Re2 Rac8 17. Rde1 f6 18. Be4 Bc6 19. f4 Rc7 20. fxe5 Rxe5 21. Bf3 Rxe2 22. Rxe2 Kf7 23. b3 Re7 24. c4 Rxe2 25. Bxe2 Ne7 26. g3 Nf5 27. Bc3 Nd6 28. c5 Ne4 29. Bd4 Ke6 30. Bc4+ Kf5 31. Be2 Ng5 32. Kd2 Nf3+ 33. Bxf3 Bxf3 34. Ke3 Kg4 35. Kf2 Bd5 36. Bc3 1/2-1/2

[Event "CZE-chT2A 2223"]
[Site "Czech Republic"]
[Date "2022.12.04"]
[Round "4.4"]
[White "Holy, Filip"]
[Black "Nejdl, Eduard"]
[Result "1-0"]
[WhiteElo "2074"]
[BlackElo "1910"]
[PlyCount "141"]
[EventDate "2022.10.16"]
[EventType "team-tourn"]
[EventRounds "11"]
[EventCountry "CZE"]
[SourceTitle "EXT 2024"]
[Source "ChessBase"]
[SourceDate "2023.10.10"]
[SourceVersion "1"]
[SourceVersionDate "2023.10.10"]
[SourceQuality "1"]
[WhiteTeam "Plzen"]
[BlackTeam "Budejovice II"]
[WhiteTeamCountry "CZE"]
[BlackTeamCountry "CZE"]

1. e4 Nf6 2. e5 Nd5 3. d4 d6 4. Nf3 dxe5 5. Nxe5 c6 6. Be2 g6 7. 0-0 Bg7 8. c4 Nf6 9. Nc3 0-0 10. Be3 Nbd7 11. Nd3 Re8 12. Bf4 Nb6 13. Ne5 Nfd7 14. Nf3 Nf6 15. h3 Be6 16. Qb3 h6 17. a4 Qc8 18. a5 Nbd7 19. Qa2 g5 20. Bh2 Bf5 21. Rac1 Ne4 22. Na4 e5 23. Rfd1 exd4 24. Nxd4 Bg6 25. b4 Nf8 26. f3 Nf6 27. a6 N6d7 28. b5 Bxd4+ 29. Rxd4 bxa6 30. bxc6 Qxc6 31. Rd6 Qc8 32. c5 Nb6 33. Nxb6 axb6 34. Rxb6 a5 35. Bb5 Re6 36. Rxe6 Nxe6 37. Qd5 Nf4 38. Bxf4 gxf4 39. c6 Qc7 40. Kh2 Rd8 41. Qxd8+ Qxd8 42. c7 Qc8 43. Bd7 Qxd7 44. c8Q+ Qxc8 45. Rxc8+ Kg7 46. Ra8 Kf6 47. Rxa5 Bf5 48. h4 Bd3 49. Kg1 Bf5 50. Kf2 Bd3 51. Ke1 Kg6 52. Kf2 f5 53. g3 fxg3+ 54. Kxg3 Kh5 55. Rd5 Bc2 56. Rd6 Bb1 57. Kf4 Bc2 58. Ke3 Bb3 59. f4 Bc2 60. Kd4 Bb1 61. Ke5 Ba2 62. Rf6 Bb1 63. Rxf5+ Kxh4 64. Rf8 h5 65. Rg8 Kh3 66. f5 h4 67. f6 Ba2 68. Rg7 Kh2 69. Kf4 h3 70. Kf3 Kh1 71. Kf2 1-0

[Event "CZE-chT2A 2223"]
[Site "Czech Republic"]
[Date "2022.11.06"]
[Round "2.3"]
[White "Havlik, Jan"]
[Black "Holy, Filip"]
[Result "1/2-1/2"]
[WhiteElo "2377"]
[BlackElo "2074"]
[PlyCount "94"]
[EventDate "2022.10.16"]
[EventType "team-tourn"]
[EventRounds "11"]
[EventCountry "CZE"]
[SourceTitle "EXT 2024"]
[Source "ChessBase"]
[SourceDate "2023.10.10"]
[SourceVersion "1"]
[SourceVersionDate "2023.10.10"]
[SourceQuality "1"]
[WhiteTeam "Pisek"]
[BlackTeam "Plzen"]
[WhiteTeamCountry "CZE"]
[BlackTeamCountry "CZE"]

1. e4 d5 2. exd5 Qxd5 3. Nc3 Qa5 4. Bc4 Nf6 5. d3 a6 6. Bd2 Qf5 7. Nf3 b5 8. Bb3 Bb7 9. Qe2 Nbd7 10. Ng5 e6 11. f3 Nc5 12. g4 Qg6 13. 0-0-0 Nxb3+ 14. axb3 0-0-0 15. Rhf1 h5 16. h3 Nh7 17. Nge4 Nf6 18. Rg1 hxg4 19. hxg4 Nxe4 20. Nxe4 e5 21. Kb1 f6 22. Be3 Rh3 23. Qg2 Qh7 24. Rh1 Rxh1 25. Rxh1 Qg8 26. Qh3 Qe6 27. Qh5 Kb8 28. Qg6 Bd5 29. Rh8 Qd7 30. b4 Bf7 31. Qf5 Be6 32. Qh7 Qd5 33. b3 Bxb4 34. Rxd8+ Qxd8 35. Qxg7 Bxb3 36. Bc5 Ba5 37. Qxf6 Qxf6 38. Nxf6 Be6 39. Ne4 c6 40. Be7 Kc8 41. g5 Bd8 42. Bf8 Bd5 43. g6 Kd7 44. Nc5+ Ke8 45. Bg7 Bxf3 46. Bxe5 a5 47. Ne6 Bg4 1/2-1/2

[Event "CZE-chT2A 2223"]
[Site "Czech Republic"]
[Date "2022.10.16"]
[Round "1.5"]
[White "Holy, Filip"]
[Black "Groh, Jiri"]
[Result "1-0"]
[WhiteElo "2074"]
[BlackElo "1987"]
[PlyCount "83"]
[EventDate "2022.10.16"]
[EventType "team-tourn"]
[EventRounds "11"]
[EventCountry "CZE"]
[SourceTitle "EXT 2024"]
[Source "ChessBase"]
[SourceDate "2023.10.10"]
[SourceVersion "1"]
[SourceVersionDate "2023.10.10"]
[SourceQuality "1"]
[WhiteTeam "Plzen"]
[BlackTeam "Vysehrad II"]
[WhiteTeamCountry "CZE"]
[BlackTeamCountry "CZE"]

1. e4 c5 2. Nf3 Nc6 3. d4 cxd4 4. Nxd4 g6 5. c4 Bg7 6. Be3 Nf6 7. Nc3 Ng4 8. Qxg4 Nxd4 9. Qd1 e5 10. Nb5 d6 11. Be2 Nxb5 12. cxb5 0-0 13. 0-0 Be6 14. Bf3 Bc4 15. Be2 Bxe2 16. Qxe2 d5 17. exd5 Qxd5 18. Rfd1 Qe6 19. b3 b6 20. Rd2 Rfd8 21. Rad1 Rxd2 22. Qxd2 h5 23. Qd7 Qxd7 24. Rxd7 a6 25. bxa6 Rxa6 26. a4 Bf8 27. Kf1 Kg7 28. Rd5 Kf6 29. Rb5 Bc5 30. Bxc5 bxc5 31. a5 Ke6 32. Rxc5 Kd6 33. b4 Ra7 34. Rb5 Rc7 35. Rb6+ Kd5 36. Ke2 Rc2+ 37. Ke3 Rc3+ 38. Kd2 Ra3 39. a6 Ra2+ 40. Kc3 Rxf2 41. Rb5+ Kc6 42. Ra5 1-0

[Event "Prague Menchik Memorial Rapid"]
[Site "Prague"]
[Date "2022.06.05"]
[Round "2"]
[White "Holy, Filip"]
[Black "Burdalev, Kirill"]
[Result "1/2-1/2"]
[WhiteElo "2066"]
[BlackElo "2381"]
[PlyCount "71"]
[EventDate "2022.06.05"]
[EventType "swiss (rapid)"]
[EventRounds "7"]
[EventCountry "CZE"]
[SourceTitle "CBM 208 Extra"]
[Source "ChessBase"]
[SourceDate "2022.07.31"]
[SourceVersion "1"]
[SourceVersionDate "2022.07.31"]
[SourceQuality "1"]

1. e4 Nf6 2. e5 Nd5 3. d4 d6 4. Nf3 dxe5 5. Nxe5 c6 6. Be2 Bf5 7. 0-0 Nd7 8. Nf3 e6 9. c4 N5f6 10. Nc3 Bd6 11. Nh4 Bg6 12. g3 Qc7 13. Be3 Rd8 14. a3 0-0 15. Nxg6 hxg6 16. b4 a6 17. Qb3 e5 18. c5 Be7 19. Rfd1 exd4 20. Rxd4 Ne5 21. Rad1 Rxd4 22. Rxd4 Rd8 23. Rxd8+ Qxd8 24. h3 Qd7 25. Kh2 Nd5 26. Nxd5 cxd5 27. Qd1 Qe6 28. Bf1 Nc4 29. Bc1 Bf6 30. Bg2 d4 31. Bxb7 Qf5 32. Kg2 d3 33. Bf3 Ne5 34. Bd2 Nc4 35. Bc1 Ne5 36. Bd2 1/2-1/2

[Event "CZE-ch Betsys Online Blitz"]
[Site "Chess.com INT"]
[Date "2021.04.17"]
[Round "8"]
[White "Erban, Stepan"]
[Black "Holy, Filip"]
[Result "1/2-1/2"]
[WhiteElo "1925"]
[BlackElo "2044"]
[PlyCount "137"]
[EventDate "2021.04.17"]
[EventType "swiss (blitz)"]
[EventRounds "13"]
[EventCountry "CZE"]
[SourceTitle "CBM 201 Extra"]
[Source "ChessBase"]
[SourceDate "2021.05.31"]
[SourceVersion "1"]
[SourceVersionDate "2021.05.31"]
[SourceQuality "1"]

1. e4 e5 2. Bc4 Nf6 3. Nc3 Nxe4 4. Nxe4 d5 5. Bxd5 Qxd5 6. f3 Bf5 7. d3 Nc6 8. Be3 Bg6 9. Ne2 f5 10. N4c3 Qd7 11. Qd2 0-0-0 12. 0-0-0 Bf7 13. f4 exf4 14. Nxf4 Nb4 15. a3 Nc6 16. Qf2 a6 17. Rhe1 g5 18. Nfe2 f4 19. Bc5 Bg7 20. g3 fxg3 21. Qxg3 h6 22. Ne4 Rhe8 23. Rf1 Bg6 24. N2c3 Nd4 25. Nd2 Qc6 26. Bxd4 Bxd4 27. Rde1 Bxc3 28. bxc3 Qxc3 29. Rxe8 Rxe8 30. Qg4+ Kb8 31. Qb4 Qxb4 32. axb4 Re2 33. Rf6 Re1+ 34. Kb2 Re2 35. Rxg6 Rxd2 36. Rxh6 Rg2 37. Kc3 Ka8 38. d4 Ka7 39. Kd3 a5 40. bxa5 Rg4 41. c4 Rg2 42. Ke4 Re2+ 43. Kd5 Ra2 44. c5 Rxa5 45. Rh5 Ra2 46. Ke6 Rg2 47. d5 Re2+ 48. Kd7 Rd2 49. d6 cxd6 50. cxd6 b5 51. Rxg5 Kb6 52. h4 b4 53. h5 b3 54. Rg3 b2 55. Rb3+ Kc5 56. h6 Rxd6+ 57. Ke7 Rxh6 58. Rxb2 Rh7+ 59. Kf6 Rh3 60. Ke5 Rh5+ 61. Ke6 Rh6+ 62. Ke5 Rh5+ 63. Kf4 Rh8 64. Rc2+ Kd4 65. Rd2+ Kc3 66. Rd7 Rf8+ 67. Ke5 Re8+ 68. Kf4 Rf8+ 69. Ke5 1/2-1/2

[Event "CZE-ch Betsys Online Blitz"]
[Site "Chess.com INT"]
[Date "2021.04.17"]
[Round "13"]
[White "Holy, Filip"]
[Black "Danek, Pavel"]
[Result "1/2-1/2"]
[WhiteElo "2044"]
[BlackElo "1873"]
[PlyCount "68"]
[EventDate "2021.04.17"]
[EventType "swiss (blitz)"]
[EventRounds "13"]
[EventCountry "CZE"]
[SourceTitle "CBM 201 Extra"]
[Source "ChessBase"]
[SourceDate "2021.05.31"]
[SourceVersion "1"]
[SourceVersionDate "2021.05.31"]
[SourceQuality "1"]

1. e4 e6 2. d4 d5 3. Nc3 dxe4 4. Nxe4 Nd7 5. Nf3 Be7 6. Bd3 Ngf6 7. 0-0 0-0 8. Nxf6+ Nxf6 9. c3 b6 10. Bg5 Bb7 11. Re1 h6 12. Bh4 c5 13. dxc5 bxc5 14. Ne5 Qd5 15. Bf1 Qxd1 16. Raxd1 Rfd8 17. Bb5 Rxd1 18. Rxd1 Rd8 19. Rxd8+ Bxd8 20. Nc6 Bxc6 21. Bxc6 Bc7 22. c4 g5 23. Bg3 Bxg3 24. hxg3 Kf8 25. Kf1 Ke7 26. Ke2 Kd6 27. Bb7 Nd7 28. f3 Nb6 29. b3 Nd7 30. Ke3 f5 31. Ba8 Nb6 32. Bb7 Nd7 33. Bc8 Nb6 34. Bb7 Nd7 1/2-1/2

[Event "CZE-ch Betsys Online Blitz"]
[Site "Chess.com INT"]
[Date "2021.04.17"]
[Round "6"]
[White "Holy, Filip"]
[Black "Nytra, Ondrej"]
[Result "0-1"]
[WhiteElo "2044"]
[BlackElo "2055"]
[PlyCount "86"]
[EventDate "2021.04.17"]
[EventType "swiss (blitz)"]
[EventRounds "13"]
[EventCountry "CZE"]
[SourceTitle "CBM 201 Extra"]
[Source "ChessBase"]
[SourceDate "2021.05.31"]
[SourceVersion "1"]
[SourceVersionDate "2021.05.31"]
[SourceQuality "1"]

1. e4 e5 2. Nf3 Nc6 3. Nc3 Nf6 4. d4 exd4 5. Nxd4 Bb4 6. Nxc6 bxc6 7. Bd3 d5 8. exd5 cxd5 9. 0-0 0-0 10. h3 c6 11. Bf4 Bd6 12. Qf3 Re8 13. Rfe1 Be6 14. Ne2 c5 15. c3 Rb8 16. b3 Qb6 17. Ng3 Bxf4 18. Qxf4 Bd7 19. Bf5 Bc6 20. Bc2 a5 21. Nf5 Re6 22. Qg5 Ne8 23. Rxe6 fxe6 24. Nh6+ Kh8 25. Nf7+ Kg8 26. Qh5 Nf6 27. Nh6+ gxh6 28. Qe5 Kf7 29. Re1 Bd7 30. Re3 Rg8 31. Rf3 Qd8 32. Bxh7 Rg5 33. Qd6 Qe7 34. Qc7 e5 35. h4 Rg4 36. h5 e4 37. Bg6+ Kg7 38. Rh3 e3 39. Rxe3 Ne4 40. Bxe4 Rxe4 41. Rg3+ Kh7 42. Qxc5 Re1+ 43. Kh2 Qxc5 0-1

[Event "CZE-ch"]
[Site "Ostrava"]
[Date "2019.05.02"]
[Round "6"]
[White "Holy, Filip"]
[Black "Koubova, Anna Marie"]
[Result "1/2-1/2"]
[WhiteElo "2096"]
[BlackElo "2005"]
[PlyCount "67"]
[EventDate "2019.04.27"]
[EventType "swiss"]
[EventRounds "9"]
[EventCountry "CZE"]
[SourceTitle "CBM 190 Extra"]
[Source "ChessBase"]
[SourceDate "2019.07.15"]
[SourceVersion "1"]
[SourceVersionDate "2019.07.15"]
[SourceQuality "1"]

1. e4 c5 2. Nf3 d6 3. d4 cxd4 4. Nxd4 Nf6 5. Nc3 g6 6. f4 Bg7 7. e5 dxe5 8. fxe5 Ng4 9. Bb5+ Nc6 10. Nxc6 Qxd1+ 11. Nxd1 a6 12. Ba4 Bd7 13. Ne3 Nxe3 14. Bxe3 Bxc6 15. Bxc6+ bxc6 16. Bf4 Rb8 17. 0-0-0 Rb4 18. g3 g5 19. Bxg5 Bxe5 20. c3 Rb5 21. Be3 0-0 22. Rd2 Rfb8 23. Rhd1 Kg7 24. Bd4 Bxd4 25. cxd4 Rd8 26. Rc2 Rd6 27. Rc4 Rbd5 28. Re1 e6 29. Re4 Rf5 30. Ra4 c5 31. dxc5 Rxc5+ 32. Rac4 Rcd5 33. Rg4+ Kf6 34. Rgf4+ 1/2-1/2

[Event "CZE-ch"]
[Site "Ostrava"]
[Date "2019.04.29"]
[Round "3"]
[White "Bulockin, Martin"]
[Black "Holy, Filip"]
[Result "1/2-1/2"]
[WhiteElo "2199"]
[BlackElo "2096"]
[PlyCount "64"]
[EventDate "2019.04.27"]
[EventType "swiss"]
[EventRounds "9"]
[EventCountry "CZE"]
[SourceTitle "CBM 190 Extra"]
[Source "ChessBase"]
[SourceDate "2019.07.15"]
[SourceVersion "1"]
[SourceVersionDate "2019.07.15"]
[SourceQuality "1"]

1. d4 d5 2. Bf4 Nf6 3. e3 c5 4. c3 Qb6 5. Qb3 c4 6. Qc2 Nc6 7. Nd2 Bg4 8. b3 cxb3 9. axb3 Rc8 10. Qb2 Bf5 11. Ngf3 Nb4 12. cxb4 Rc2 13. Qa3 e5 14. Nxe5 Bxb4 15. Qa4+ Ke7 16. Bb5 Bxd2+ 17. Kf1 Bc3 18. Rd1 Ne4 19. f3 Nd6 20. Bd3 Bxd3+ 21. Nxd3 Rc8 22. b4 Bb2 23. Bxd6+ Qxd6 24. Nc5 Rc4 25. Rb1 Bc3 26. Ke2 b6 27. Nd3 a5 28. g3 Bxb4 29. Nxb4 Rxb4 30. Rxb4 Qxb4 31. Qxb4+ axb4 32. Rb1 Rc2+ 1/2-1/2

[Event "CZE-ch"]
[Site "Ostrava"]
[Date "2019.04.27"]
[Round "1"]
[White "Rubes, Jan"]
[Black "Holy, Filip"]
[Result "1-0"]
[WhiteElo "2345"]
[BlackElo "2096"]
[PlyCount "43"]
[EventDate "2019.04.27"]
[EventType "swiss"]
[EventRounds "9"]
[EventCountry "CZE"]
[SourceTitle "CBM 190 Extra"]
[Source "ChessBase"]
[SourceDate "2019.07.15"]
[SourceVersion "1"]
[SourceVersionDate "2019.07.15"]
[SourceQuality "1"]

1. Nf3 d5 2. d4 Nf6 3. Bf4 c5 4. e3 Nc6 5. Nbd2 g6 6. dxc5 Bg7 7. Bb5 0-0 8. 0-0 Nh5 9. Bxc6 Nxf4 10. exf4 bxc6 11. c3 Qc7 12. Qa4 Bf5 13. Rfe1 Rab8 14. Nb3 Be4 15. Ne5 Rfc8 16. f3 Bf5 17. g4 Bc2 18. Re2 f6 19. Qxc6 Qxc6 20. Nxc6 Rxc6 21. Rxc2 Bh6 22. Re1 1-0

[Event "CZE-chT2B 1819"]
[Site "Czech Republic"]
[Date "2018.12.16"]
[Round "5.2"]
[White "Sahidi, Samir"]
[Black "Holy, Filip"]
[Result "1-0"]
[WhiteElo "2309"]
[BlackElo "2083"]
[PlyCount "71"]
[EventDate "2018.10.14"]
[EventType "team-tourn"]
[EventRounds "11"]
[EventCountry "CZE"]
[SourceTitle "EXT 2022"]
[Source "ChessBase"]
[SourceDate "2021.10.06"]
[SourceVersion "1"]
[SourceVersionDate "2021.10.06"]
[SourceQuality "1"]
[WhiteTeam "Praha Dopravni podnik II"]
[BlackTeam "Most Chess"]
[WhiteTeamCountry "CZE"]
[BlackTeamCountry "CZE"]

1. d4 d5 2. c4 c6 3. Nf3 Nf6 4. e3 a6 5. Bd2 Bf5 6. cxd5 cxd5 7. Qb3 e6 8. Qxb7 Nbd7 9. Bc3 Bd6 10. Qc6 Qb8 11. Nbd2 0-0 12. Qa4 Ra7 13. Be2 Ne4 14. Nxe4 dxe4 15. Nh4 Bxh2 16. g3 Bxg3 17. fxg3 Qxg3+ 18. Kd2 Nb6 19. Nxf5 exf5 20. Qa5 f4 21. Qxb6 Qxe3+ 22. Kd1 Rd7 23. Re1 Rfd8 24. Kc2 Rd6 25. Qb4 Qf2 26. Rac1 f3 27. Kb1 fxe2 28. Rc2 Qf3 29. Rcxe2 Qd3+ 30. Ka1 f5 31. a3 Kh8 32. d5 Qxd5 33. Rg2 R6d7 34. Reg1 Qg8 35. Bxg7+ Rxg7 36. Rxg7 1-0

[Event "CZE-chT2B 1819"]
[Site "Czech Republic"]
[Date "2018.12.02"]
[Round "4.4"]
[White "Holy, Filip"]
[Black "Vondra, Zbynek"]
[Result "1-0"]
[WhiteElo "2083"]
[BlackElo "2145"]
[PlyCount "37"]
[EventDate "2018.10.14"]
[EventType "team-tourn"]
[EventRounds "11"]
[EventCountry "CZE"]
[SourceTitle "EXT 2022"]
[Source "ChessBase"]
[SourceDate "2021.10.06"]
[SourceVersion "1"]
[SourceVersionDate "2021.10.06"]
[SourceQuality "1"]
[WhiteTeam "Most Chess"]
[BlackTeam "Kladno"]
[WhiteTeamCountry "CZE"]
[BlackTeamCountry "CZE"]

1. d4 d5 2. Nf3 Nc6 3. Bf4 Bg4 4. Nbd2 e6 5. e3 Bd6 6. Bg3 Nge7 7. c4 Nf5 8. cxd5 exd5 9. Bb5 0-0 10. Bxc6 bxc6 11. Qc2 Rb8 12. Ne5 Bxe5 13. Bxe5 Qg5 14. 0-0 c5 15. Nb3 Bf3 16. Bg3 Be4 17. Qxc5 Nh4 18. f3 Qxe3+ 19. Rf2 1-0